000 00285nam a22001337a 4500
041 _aENG
100 _aChung.K.F
245 _aBamboo Scaffolds In Building Construction No 8
260 _aDelhi
_bINBAR
_c2002
300 _a110
650 _aFS
700 _aChan.S.L
856 _uFS
999 _c800
_d800